00915nam a2200253 a 4500001001000000003000500010005001700015008004100032010001100073011001100084040000900095100002700104245013600131260004100267500006000308502006900368650001300437650002600450650002500476650002800501650003600529650002600565856007000591000112450CHAP20220329144306.0160411s2016 mx a fsm |||||||spa d a108911 a109883 cCHAP1 aFlores Pérez, Silvia10aAbastecimiento de nitrógeno en lisianthus (Eustoma grandiflorum Raf.) cv. ABC2 Lavanda/h[En línea]cpor Silvia Flores Pérez. aChapingo, Méx. :bEl autor,c2016. aPara ver el contenido del material haga clic en la liga aTesis (M.C. en Horticultura) -- UACH. Departamento de Fitotecnia14aBiomasa.14aEustoma grandiflorum.14aFloresxRendimiento.14aNitrógeno en plantas.14aNitrógenoxEfecto en plantas.14aPlantasxNutrición. aFinding aiduhttp://10.13.5.2/tesis/sist112450.pdfzTeclea aquí